00221nam a2200097 4500082001200000100001200012245004000024250000900064260004200073300000800115 a510 ELV aR.Elvin a Mathematics :Revision and Practice a2 ed aLondonbOxford University Pressc1979 a314